Euro-English: supranational legal language in the European Union

Úsilie zjednotiť a zharmonizovať národné právne systémy s cieľom vyvinúť jednotný európsky právny systém mali za výsledok vznik veľkého množstva nových konceptov, ktoré spôsobili vznik desiatok nových euro-termínov. Tie sa stali základom pre formovanie akéhosi nadnárodného jazyka – právnej euro-angl...

Descrizione completa

Salvato in:
Dettagli Bibliografici
Autore principale: Sageder, Dagmar
Natura: Capitolo di libro
Lingua:inglese
Soggetti:
Tags: Aggiungi Tag
Nessun Tag, puoi essere il primo ad aggiungerne!!

MARC

LEADER 00000nla a2200000 4500
001 0196807
005 20240502073322.2
041 0 |a eng 
044 |a SK 
245 1 0 |a Euro-English: supranational legal language in the European Union  |c Dagmar Sageder 
520 |a Úsilie zjednotiť a zharmonizovať národné právne systémy s cieľom vyvinúť jednotný európsky právny systém mali za výsledok vznik veľkého množstva nových konceptov, ktoré spôsobili vznik desiatok nových euro-termínov. Tie sa stali základom pre formovanie akéhosi nadnárodného jazyka – právnej euro-angličtiny, ktorej pozícia ako dominantnej lingua franca v právnej komunikácii EÚ sa bude nepochybne upevňovať. Skutočne však vzniká nový variant angličtiny? 
610 2 0 |a jazyky cudzie 
610 2 0 |a angličtina 
610 2 0 |a Európska únia 
610 2 0 |a legislatíva 
610 2 0 |a komunikácia 
100 1 |a Sageder, Dagmar